XXXIII Aniversario de la liberación del último pueblo de la provincia
Publicado:
San Jorge, núm. 85 (1r trimestre 1972), pàg 67 :
MARC
| LEADER | 00000nam a2200000Ia 4500 | ||
|---|---|---|---|
| 008 | 160829s9999 xx 000 0 cat d | ||
| 245 | |a XXXIII Aniversario de la liberación del último pueblo de la provincia | ||
| 260 | |a San Jorge, núm. 85 (1r trimestre 1972), pàg 67 | ||
| 651 | 0 | |9 50833 |a Bagà | |
| 651 | 0 | |a Barcelona (Catalunya : Província) |x Història |y 1936-1939, Guerra Civil |9 55768 | |
| 901 | |a Arxiu | ||
| 942 | |n 1 |2 udc | ||
| 952 | |0 0 |1 0 |4 0 |7 1 |9 50815 |a Arxiu |b Arxiu |d 2016-12-01 |l 0 |r 2016-12-01 00:00:00 |w 2016-12-01 |y ARXIU | ||
| 999 | |c 54657 |d 54657 | ||